000 00609nam a22002417a 4500
003 UA-OsUOA
001 99199
007 ta
008 20130425b un ||||| |||| 00| 0 ukr d
100 _aМусский С. А.
090 _a94(100):929
_bМ91
942 _cBK
040 _aUA-OsUOA
_brus
_cUA-OsUOA
_dUA-OsUOA
245 _a100 великих людей
300 _a480 с.
955 _a4
041 _arus
080 _a94(100):929
020 _a5-9533-0400-5
260 _aМ.
_bВіче
_c2006
650 7 _a9 Географія. Біографії. Історія
_2UDC
999 _c385273
_d385273